logo

Bir Sreshtho Munshi Abdur Rouf Library
Jhenaidah Cadet College

Iron and steel to-day / (Record no. 5640)

MARC details
000 -LEADER
fixed length control field 00842nam a2200313 a 4500
001 - CONTROL NUMBER
JCCL Control Number 5640
003 - CONTROL NUMBER IDENTIFIER
JCCL marc code BD-JhCC
005 - DATE AND TIME OF LATEST TRANSACTION
control field 20171221200337.0
008 - FIXED-LENGTH DATA ELEMENTS--GENERAL INFORMATION
fixed length control field 171219s1956 enka 000 0 eng d
035 ## - SYSTEM CONTROL NUMBER
system control number (RLG)020000437767
035 ## - SYSTEM CONTROL NUMBER
system control number (BD-JhCC)5640
035 ## - SYSTEM CONTROL NUMBER
system control number (UkLCURL)020000437767
035 ## - SYSTEM CONTROL NUMBER
system control number 3348933
040 ## - CATALOGING SOURCE
Transcribing agency CWR
Modifying agency m.c
-- EUX
-- BD-JhCC
-- OCoLC
Original cataloging agency BD-JhCC
041 ## - LANGUAGE CODE
Language code of Book eng
050 #4 - LIBRARY OF CONGRESS CALL NUMBER
Classification number TN705
082 ## - DEWEY DECIMAL CLASSIFICATION NUMBER
Classification number 669.14
Author mark and Year DEA 1956
100 1# - MAIN ENTRY--PERSONAL NAME
Personal name Dearden, John.
245 10 - TITLE STATEMENT
Title Iron and steel to-day /
Statement of responsibility, etc John Dearden
250 ## - EDITION STATEMENT
Edition statement 2nd ed
260 ## - PUBLICATION, DISTRIBUTION, ETC. (IMPRINT)
Place of publication, distribution, etc [London] :
Name of publisher, distributor, etc Oxford University Press,
Date of publication, distribution, etc 1956.
300 ## - PHYSICAL DESCRIPTION
Pagination 271 p :
Other physical details ill. ;
Dimensions 23 cm.
490 1# - SERIES STATEMENT
Series statement The Pageant of progress ;
Volume number/sequential designation 13
650 #0 - SUBJECT ADDED ENTRY--TOPICAL TERM
Topical term or geographic name as entry element Iron
General subdivision Metallurgy.
650 #0 - SUBJECT ADDED ENTRY--TOPICAL TERM
Topical term or geographic name as entry element Steel
General subdivision Metallurgy.
830 #0 - SERIES ADDED ENTRY--UNIFORM TITLE
Uniform title Pageant of progress ;
Volume number/sequential designation 13.
942 ## - ADDED ENTRY ELEMENTS (KOHA)
Source of classification or shelving scheme Dewey Decimal Classification
Koha item type Books
Holdings
Source of classification or shelving scheme Damaged status Not for loan Home library Current library Shelving location Total Checkouts Full call number Barcode Date last seen Copy number Koha item type
Dewey Decimal Classification     JCC Rouf Library JCC Rouf Library General Stacks   669.14 DEA 1956 7377 12/19/2017 C - 1 Books

JCC Library | Contacts | JCC Home

Last Update on 23 September 2017
Copyright @ 2017-2020 JCC Rouf Library
Rouf Library, Jhenidah Cadet College (JCC), Bangladesh